000 00434nam a22001697a 4500
005 20180221152417.0
008 160623b xxu||||| |||| 00| 0 eng d
020 _a978-81-7197-693-8
041 _aeng
082 _b9348
_a174.4
100 _aVasishth, Dr Neru and Rajpat, Dr Namita
_94156
245 _aCorporate Governance Values & Ethics
260 _bTaxmanns
_c2010
300 _a333
650 _aManagement
_9241
942 _cBK
999 _c3676
_d3675